[Event "Kirov-ch"]
[Site "Kirov"]
[Date "2015.04.10"]
[Round "8"]
[White "Tarasov, Denis"]
[Black "Dvinskikh, Leonid"]
[Result "1-0"]
[WhiteElo "2291"]
[BlackElo "2071"]
[PlyCount "103"]
[EventDate "2015.04.02"]
[EventType "tourn"]
[EventRounds "11"]
[EventCountry "RUS"]
[SourceTitle "CBM 166 Extra"]
[Source "ChessBase"]
[SourceDate "2015.06.18"]
[SourceVersion "1"]
[SourceVersionDate "2015.06.18"]
[SourceQuality "1"]

1. d4 d5 2. c4 e6 3. Nf3 Nf6 4. g3 dxc4 5. Bg2 a6 6. Ne5 Bb4+ 7. Nc3 Nd5 8. Bd2 b5 9. 0-0 Bxc3 10. bxc3 0-0 11. a4 Bb7 12. Rb1 c5 13. e4 Nf6 14. Bg5 cxd4 15. cxd4 Qc7 16. Bxf6 gxf6 17. Ng4 Nd7 18. axb5 axb5 19. Qc1 Ra5 20. Qh6 Rfa8 21. e5 Kh8 22. exf6 Rg8 23. Bxb7 Qxb7 24. Ne5 Nxe5 25. dxe5 Qe4 26. Rfe1 Qg6 27. Qd2 Rga8 28. Qd7 c3 29. Rxb5 Rxb5 30. Qxb5 Qc2 31. Qc6 Rd8 32. Re3 Qd1+ 33. Kg2 c2 34. Rc3 Qd4 35. Rxc2 Qxe5 36. Qf3 h6 37. Re2 Qd5 38. Re4 Rg8 39. h4 Rg6 40. h5 Rg5 41. g4 Re5 42. Ra4 Qd7 43. Ra8+ Kh7 44. Rf8 Re1 45. Qa8 Qd5+ 46. Qxd5 exd5 47. Rxf7+ Kg8 48. Rg7+ Kf8 49. g5 hxg5 50. h6 Re4 51. h7 Rh4 52. Rg8+ 1-0

[Event "Kirov-ch"]
[Site "Kirov"]
[Date "2015.04.09"]
[Round "7"]
[White "Shipitsyn, Pavel"]
[Black "Tarasov, Denis"]
[Result "0-1"]
[WhiteElo "1993"]
[BlackElo "2291"]
[PlyCount "80"]
[EventDate "2015.04.02"]
[EventType "tourn"]
[EventRounds "11"]
[EventCountry "RUS"]
[SourceTitle "CBM 166 Extra"]
[Source "ChessBase"]
[SourceDate "2015.06.18"]
[SourceVersion "1"]
[SourceVersionDate "2015.06.18"]
[SourceQuality "1"]

1. e4 c5 2. g3 g6 3. Nc3 Bg7 4. Bg2 e6 5. Nge2 Nc6 6. 0-0 Nge7 7. f4 d6 8. d3 0-0 9. Be3 Nd4 10. Qd2 Rb8 11. a4 b6 12. h3 a6 13. Kh2 Bb7 14. Nd1 Qd7 15. Nc1 Rbc8 16. c3 Ndc6 17. Bg1 b5 18. axb5 axb5 19. Nb3 Rfd8 20. Ne3 f5 21. e5 Qc7 22. exd6 Qxd6 23. Rfd1 Rd7 24. Qe2 Nd8 25. d4 Bxg2 26. dxc5 Qc7 27. Qxg2 e5 28. Rxd7 Qxd7 29. Rd1 Qe6 30. fxe5 Qxb3 31. Nd5 Nxd5 32. Rxd5 Ne6 33. Qd2 Qc4 34. b4 Qe4 35. c6 f4 36. gxf4 Nxf4 37. Rd8+ Rxd8 38. Qxd8+ Bf8 39. Qd2 Qf3 40. Qa2+ Kh8 0-1

[Event "Kirov CC-ch 20th"]
[Site "Kirov"]
[Date "2015.03.08"]
[Round "9"]
[White "Tarasov, Denis"]
[Black "Savinykh, Sergey"]
[Result "1-0"]
[WhiteElo "2221"]
[BlackElo "2098"]
[PlyCount "85"]
[EventDate "2015.02.20"]
[EventType "tourn"]
[EventRounds "9"]
[EventCountry "RUS"]
[SourceTitle "EXT 2018"]
[Source "ChessBase"]
[SourceDate "2017.10.13"]
[SourceVersion "1"]
[SourceVersionDate "2017.10.13"]
[SourceQuality "1"]

1. d4 Nf6 2. c4 g6 3. g3 Bg7 4. Bg2 0-0 5. Nf3 d6 6. 0-0 Nc6 7. Nc3 a6 8. Qd3 Bd7 9. d5 Nb4 10. Qd1 a5 11. a3 Na6 12. Be3 e5 13. dxe6 fxe6 14. h3 Bc6 15. Qc2 Qd7 16. Rad1 Qe8 17. b3 b6 18. Nb5 e5 19. Nc3 Nc5 20. Nd5 Nxd5 21. cxd5 Bd7 22. Ng5 Bf5 23. Qc1 Rc8 24. g4 Bd7 25. Qc2 Qe7 26. Rc1 a4 27. bxa4 Bxa4 28. Qc4 b5 29. Qb4 Nb3 30. Rc6 Nd4 31. Bxd4 exd4 32. Ne6 Qf6 33. f4 Rfe8 34. g5 Qf7 35. f5 gxf5 36. Be4 Rxe6 37. Bxf5 Qe8 38. Bxe6+ Kh8 39. Rf7 Qd8 40. Rxg7 Kxg7 41. Qxd4+ Kg6 42. Bxc8 Qxc8 43. Qf6+ 1-0

[Event "Kirov Region-ch"]
[Site "Kirov"]
[Date "2014.10.16"]
[Round "7"]
[White "Ljashenko, Konstantin"]
[Black "Tarasov, Denis"]
[Result "0-1"]
[WhiteElo "2021"]
[BlackElo "2224"]
[PlyCount "86"]
[EventDate "2014.10.10"]
[EventType "swiss"]
[EventRounds "9"]
[EventCountry "RUS"]
[SourceTitle "EXT 2018"]
[Source "ChessBase"]
[SourceDate "2017.10.13"]
[SourceVersion "1"]
[SourceVersionDate "2017.10.13"]
[SourceQuality "1"]

1. e4 e6 2. d4 d5 3. e5 c5 4. c3 Qb6 5. Nf3 Bd7 6. Be2 Bb5 7. 0-0 Bxe2 8. Qxe2 Qa6 9. Qd1 Nd7 10. b3 Ne7 11. Nh4 Ng6 12. Nxg6 hxg6 13. Qf3 cxd4 14. cxd4 Rxh2 15. Rd1 Rh5 16. Nc3 Bb4 17. Bb2 Rc8 18. Rac1 Rc6 19. a4 Qb6 20. Ne2 Qd8 21. Ng3 Rh4 22. Qd3 Qb6 23. Ne2 Nb8 24. Qg3 Rh6 25. Rd3 Qd8 26. Qf3 Qh4 27. Ng3 Qg5 28. Rcd1 Rh4 29. Bc3 Bxc3 30. Rxc3 Qg4 31. Qxg4 Rxg4 32. Rcd3 Rc2 33. R3d2 Rxd2 34. Rxd2 f6 35. exf6 gxf6 36. Nf1 Nc6 37. Rd3 Rh4 38. Rc3 Nxd4 39. g3 Ne2+ 40. Kg2 Rh2+ 41. Nxh2 Nxc3 42. f4 Ne4 43. Nf3 Nc5 0-1

[Event "Kirov Region-ch"]
[Site "Kirov"]
[Date "2014.10.15"]
[Round "6"]
[White "Tarasov, Denis"]
[Black "Tsarukian, Elis"]
[Result "1/2-1/2"]
[WhiteElo "2224"]
[BlackElo "2198"]
[PlyCount "146"]
[EventDate "2014.10.10"]
[EventType "swiss"]
[EventRounds "9"]
[EventCountry "RUS"]
[SourceTitle "EXT 2018"]
[Source "ChessBase"]
[SourceDate "2017.10.13"]
[SourceVersion "1"]
[SourceVersionDate "2017.10.13"]
[SourceQuality "1"]

1. Nf3 Nf6 2. g3 g6 3. Bg2 Bg7 4. 0-0 0-0 5. d4 d6 6. c4 Nbd7 7. Nc3 c5 8. d5 b6 9. Qc2 Rb8 10. Rb1 Ne8 11. b3 Nc7 12. Bb2 a6 13. Ne4 Nf6 14. Nxf6+ exf6 15. e4 Re8 16. Rfe1 b5 17. Bc3 b4 18. Bb2 Re7 19. Nh4 Ne8 20. f4 Bd7 21. Nf3 a5 22. h3 a4 23. g4 Qc7 24. Rbd1 axb3 25. axb3 Ra8 26. Ra1 Rxa1 27. Rxa1 Bh6 28. Bc1 Bc8 29. Kf2 Bg7 30. f5 Qb8 31. Ra5 Ra7 32. Qa2 Rxa5 33. Qxa5 Qc7 34. Qxc7 Nxc7 35. Bf4 Bf8 36. h4 h6 37. fxg6 fxg6 38. g5 hxg5 39. hxg5 Ne8 40. gxf6 Nxf6 41. Nd2 Kf7 42. Bf3 Nh5 43. Bh2 Kf6 44. Nf1 Ba6 45. Ne3 Bc8 46. Bg4 Bxg4 47. Nxg4+ Kg5 48. Kf3 Be7 49. e5 dxe5 50. Bxe5 Kf5 51. Bc7 Bf8 52. Ne5 Nf6 53. Nf7 g5 54. Ke3 g4 55. Be5 Nd7 56. Bf4 Kf6 57. Nd6 Bxd6 58. Bxd6 Kf5 59. Bg3 Nf6 60. Bc7 Ne4 61. Bb6 g3 62. Bc7 g2 63. Bh2 Nd6 64. Kd3 Kf6 65. Bg1 Nb7 66. Ke4 Ke7 67. Kf3 Kd6 68. Bh2+ Kd7 69. Kxg2 Na5 70. Kf3 Nxb3 71. Ke3 Na5 72. Kd3 Nb7 73. Bg1 Kd6 1/2-1/2

[Event "Kirov Region-ch"]
[Site "Kirov"]
[Date "2014.10.11"]
[Round "2"]
[White "Tarasov, Denis"]
[Black "Shipitsyn, Pavel"]
[Result "1-0"]
[WhiteElo "2224"]
[BlackElo "2014"]
[PlyCount "133"]
[EventDate "2014.10.10"]
[EventType "swiss"]
[EventRounds "9"]
[EventCountry "RUS"]
[SourceTitle "EXT 2018"]
[Source "ChessBase"]
[SourceDate "2017.10.13"]
[SourceVersion "1"]
[SourceVersionDate "2017.10.13"]
[SourceQuality "1"]

1. e4 Nf6 2. e5 Nd5 3. Nf3 d6 4. d4 g6 5. Bc4 c6 6. 0-0 Bg7 7. h3 0-0 8. Qe2 b5 9. Bb3 a5 10. Rd1 e6 11. a4 b4 12. c4 bxc3 13. bxc3 Ba6 14. Qe1 dxe5 15. Nxe5 Re8 16. Na3 Nd7 17. Nac4 Nxe5 18. Nxe5 Qc7 19. c4 Nb4 20. Bb2 Rab8 21. Bc3 Red8 22. f4 c5 23. Rab1 cxd4 24. Bxd4 h5 25. Qc3 Bf8 26. Kh1 Bb7 27. Qe3 Ba8 28. Ba7 Qb7 29. Nf3 Rbc8 30. Bb6 Rxd1+ 31. Rxd1 Qc6 32. Rd2 Rb8 33. Bd4 Qe4 34. Qxe4 Bxe4 35. Ng5 Bf5 36. Be5 Rc8 37. Rd7 Nd3 38. Ba2 Nxe5 39. fxe5 Rb8 40. c5 Bxc5 41. Nxf7 Rb2 42. Nh6+ Kf8 43. Nxf5 Rxa2 44. Ng7 Bb4 45. Nxe6+ Ke8 46. Rg7 Rxa4 47. Nc7+ Kf8 48. Rxg6 Ra1+ 49. Kh2 h4 50. Rf6+ Kg7 51. Ne6+ Kh7 52. Ng5+ Kg7 53. Nf3 a4 54. Nxh4 Bc3 55. Rg6+ Kf8 56. Nf3 a3 57. Ra6 Bb2 58. h4 Rc1 59. Kg3 Rc3 60. h5 Rb3 61. Kf4 Bc3 62. h6 Kg8 63. Ra7 Bb4 64. Kf5 Rb2 65. h7+ Kh8 66. Ng5 Rf2+ 67. Kg6 1-0

[Event "Izhevsk Corporation Cup 6th"]
[Site "Izhevsk"]
[Date "2014.07.18"]
[Round "6"]
[White "Tarasov, Denis"]
[Black "Mokshanov, Alexey"]
[Result "0-1"]
[WhiteElo "2210"]
[BlackElo "2440"]
[PlyCount "52"]
[EventDate "2014.07.12"]
[EventType "swiss"]
[EventRounds "9"]
[EventCountry "RUS"]
[SourceTitle "CBM 161 Extra"]
[Source "ChessBase"]
[SourceDate "2014.08.29"]
[SourceVersion "1"]
[SourceVersionDate "2014.08.29"]
[SourceQuality "1"]

1. d4 d5 2. Nf3 Nf6 3. Bf4 g6 4. e3 Bg7 5. Be2 0-0 6. Nbd2 Nbd7 7. h4 c5 8. c3 h5 9. Ne5 cxd4 10. exd4 Nxe5 11. Bxe5 Bh6 12. Bd3 Ng4 13. Nf3 Be6 14. Qc2 Nxe5 15. Nxe5 Qc8 16. g4 Bxg4 17. Bxg6 fxg6 18. Qxg6+ Bg7 19. f3 Rf6 20. Qg5 Rxf3 21. Nxf3 Bxf3 22. Rg1 Qe6+ 23. Kd2 Qe2+ 24. Kc1 Bg4 25. Qxd5+ Kh7 26. b3 Rf8 0-1

[Event "Izhevsk Corporation Cup 6th"]
[Site "Izhevsk"]
[Date "2014.07.12"]
[Round "1"]
[White "Tarasov, Denis"]
[Black "Velichko, Artemy"]
[Result "1/2-1/2"]
[WhiteElo "2210"]
[BlackElo "1793"]
[PlyCount "81"]
[EventDate "2014.07.12"]
[EventType "swiss"]
[EventRounds "9"]
[EventCountry "RUS"]
[SourceTitle "CBM 161 Extra"]
[Source "ChessBase"]
[SourceDate "2014.08.29"]
[SourceVersion "1"]
[SourceVersionDate "2014.08.29"]
[SourceQuality "1"]

1. e4 e6 2. d4 d5 3. Nc3 Bb4 4. exd5 exd5 5. Bd3 Nf6 6. Bg5 Nc6 7. a3 Be7 8. Nge2 0-0 9. 0-0 Be6 10. h3 Qd7 11. Re1 Bf5 12. Nf4 Bxd3 13. Qxd3 Rad8 14. Rad1 Kh8 15. Bxf6 Bxf6 16. Ncxd5 Bxd4 17. c3 Be5 18. b4 Qd6 19. Qf3 Qh6 20. b5 Bxf4 21. Qxf4 Qxf4 22. Nxf4 Rxd1 23. Rxd1 Ne5 24. Rd5 Re8 25. Ne6 fxe6 26. Rxe5 Kg8 27. Kf1 Kf7 28. Ke2 Ke7 29. f4 Rd8 30. Re4 Rd5 31. c4 Rc5 32. Kd3 b6 33. g4 g6 34. Kd4 Kf6 35. h4 h5 36. g5+ Ke7 37. a4 Rf5 38. Ke3 Rc5 39. Kd4 Rf5 40. Ke3 Rc5 41. Kd4 1/2-1/2

[Event "Kirov Region-ch"]
[Site "Kirov"]
[Date "2013.10.18"]
[Round "8"]
[White "Kharitonov, Alexey"]
[Black "Tarasov, Denis"]
[Result "0-1"]
[WhiteElo "2245"]
[BlackElo "2201"]
[PlyCount "64"]
[EventDate "2013.10.11"]
[EventType "swiss"]
[EventRounds "9"]
[EventCountry "RUS"]
[SourceTitle "EXT 2014"]
[Source "ChessBase"]
[SourceDate "2013.11.20"]
[SourceVersion "1"]
[SourceVersionDate "2013.11.20"]
[SourceQuality "1"]

1. Nf3 Nf6 2. d4 c5 3. g3 e6 4. Bg2 cxd4 5. Nxd4 a6 6. 0-0 Be7 7. c4 0-0 8. Nc3 Qc7 9. Na4 d6 10. b4 Nbd7 11. Ba3 Ne5 12. Rc1 Nxc4 13. Qb3 d5 14. e4 b5 15. exd5 exd5 16. Nc3 Rd8 17. Rfe1 Bf8 18. Bb2 Qb6 19. Ba1 Bb7 20. Rcd1 Re8 21. Rxe8 Rxe8 22. Nde2 Ne3 23. fxe3 Qxe3+ 24. Kh1 Ng4 25. Rf1 Nf2+ 26. Rxf2 Qxf2 27. Qd1 d4 28. Bxb7 dxc3 29. Bxc3 Rxe2 30. Qg1 Qxg1+ 31. Kxg1 Rxa2 32. g4 Ra4 0-1

[Event "Kirov Region-ch"]
[Site "Kirov"]
[Date "2013.10.15"]
[Round "5"]
[White "Tarasov, Denis"]
[Black "Timerkhanov, Alexander"]
[Result "1-0"]
[WhiteElo "2201"]
[BlackElo "2053"]
[PlyCount "65"]
[EventDate "2013.10.11"]
[EventType "swiss"]
[EventRounds "9"]
[EventCountry "RUS"]
[SourceTitle "EXT 2014"]
[Source "ChessBase"]
[SourceDate "2013.11.20"]
[SourceVersion "1"]
[SourceVersionDate "2013.11.20"]
[SourceQuality "1"]

1. e4 c5 2. Nf3 d6 3. d4 cxd4 4. Nxd4 Nf6 5. Nc3 a6 6. Bg5 Nbd7 7. Qe2 Qa5 8. f4 h6 9. Bh4 g5 10. Nb3 Qc7 11. fxg5 hxg5 12. Bxg5 b5 13. 0-0-0 b4 14. Nd5 Nxd5 15. exd5 Ne5 16. Qd2 Rb8 17. Nd4 Qa5 18. Nc6 Nxc6 19. dxc6 Qxa2 20. Qd4 Rg8 21. Qa7 Rxg5 22. Qxb8 Kd8 23. Qb6+ Ke8 24. Qc7 Qa1+ 25. Kd2 Rd5+ 26. Bd3 Bh6+ 27. Ke2 Bg4+ 28. Kf2 Qa5 29. Qb8+ Qd8 30. c7 Qc8 31. Bxa6 Rf5+ 32. Kg3 Bf4+ 33. Kxg4 1-0

[Event "Izhevsk Corporation Cup 5th"]
[Site "Izhevsk"]
[Date "2013.07.17"]
[Round "6"]
[White "Toropov, Pavel"]
[Black "Tarasov, Denis"]
[Result "1-0"]
[WhiteElo "2269"]
[BlackElo "2176"]
[PlyCount "89"]
[EventDate "2013.07.11"]
[EventType "swiss"]
[EventRounds "9"]
[EventCountry "RUS"]
[SourceTitle "EXT 2014"]
[Source "ChessBase"]
[SourceDate "2013.11.20"]
[SourceVersion "1"]
[SourceVersionDate "2013.11.20"]
[SourceQuality "1"]

1. e4 e6 2. d4 d5 3. e5 c5 4. c3 Nc6 5. Nf3 Qb6 6. a3 Nh6 7. b4 cxd4 8. cxd4 Nf5 9. Bb2 Bd7 10. g4 Nfe7 11. Nc3 Na5 12. Na4 Qc6 13. Nc5 Nc4 14. Bc3 a5 15. b5 Qxb5 16. Nd2 b6 17. Rb1 Qc6 18. Nxd7 Kxd7 19. Qf3 f6 20. exf6 gxf6 21. Nxc4 dxc4 22. Qxc6+ Kxc6 23. Bxc4 Nd5 24. Bb5+ Kd6 25. h4 Rc8 26. Bd2 Bg7 27. Rh3 f5 28. gxf5 exf5 29. Rf3 Rhf8 30. Kf1 Rc2 31. Rd3 Bf6 32. Ba4 Rc4 33. Bb3 Rxd4 34. Rxd4 Bxd4 35. Rd1 Re8 36. Bxa5 Kc5 37. Rc1+ Kd6 38. Bd2 Re4 39. Rc8 Nf6 40. Bg5 h6 41. f3 hxg5 42. fxe4 Nxe4 43. Rd8+ Ke5 44. Rd5+ Kf4 45. Rxd4 1-0

[Event "Izhevsk Corporation Cup 5th"]
[Site "Izhevsk"]
[Date "2013.07.15"]
[Round "4"]
[White "Duzhakov, Ilya"]
[Black "Tarasov, Denis"]
[Result "1/2-1/2"]
[WhiteElo "2341"]
[BlackElo "2176"]
[PlyCount "55"]
[EventDate "2013.07.11"]
[EventType "swiss"]
[EventRounds "9"]
[EventCountry "RUS"]
[SourceTitle "EXT 2014"]
[Source "ChessBase"]
[SourceDate "2013.11.20"]
[SourceVersion "1"]
[SourceVersionDate "2013.11.20"]
[SourceQuality "1"]

1. Nf3 Nf6 2. d4 g6 3. c4 Bg7 4. Nc3 d5 5. Bf4 0-0 6. e3 c5 7. dxc5 Qa5 8. Rc1 dxc4 9. Bxc4 Qxc5 10. Bb3 Nc6 11. 0-0 Qa5 12. h3 Bf5 13. Qe2 Ne4 14. Nd5 e5 15. Rxc6 bxc6 16. Ne7+ Kh8 17. Nxc6 Qb6 18. Ncxe5 Be6 19. Bxe6 Qxe6 20. Qc2 Nf6 21. Qa4 Nd5 22. Bg3 Nb6 23. Qh4 Bf6 24. Ng5 Bxg5 25. Qxg5 f6 26. Nxg6+ hxg6 27. Qh6+ Kg8 28. Qxg6+ 1/2-1/2

[Event "Izhevsk Corporation Cup 5th"]
[Site "Izhevsk"]
[Date "2013.07.13"]
[Round "2"]
[White "Smirnov, Alexey1"]
[Black "Tarasov, Denis"]
[Result "1/2-1/2"]
[WhiteElo "2405"]
[BlackElo "2176"]
[PlyCount "92"]
[EventDate "2013.07.11"]
[EventType "swiss"]
[EventRounds "9"]
[EventCountry "RUS"]
[SourceTitle "EXT 2014"]
[Source "ChessBase"]
[SourceDate "2013.11.20"]
[SourceVersion "1"]
[SourceVersionDate "2013.11.20"]
[SourceQuality "1"]

1. d4 Nf6 2. c4 g6 3. Nc3 d5 4. Nf3 Bg7 5. Bf4 0-0 6. Rc1 dxc4 7. e3 Be6 8. Ng5 Bd5 9. e4 h6 10. exd5 hxg5 11. Bxg5 Nxd5 12. Bxc4 Nb6 13. Bb3 Nc6 14. d5 Nd4 15. 0-0 Qd7 16. Re1 Rfe8 17. h4 Rad8 18. Ba4 Nxa4 19. Qxa4 b6 20. Qa6 c6 21. dxc6 Nxc6 22. Rcd1 Nd4 23. Re4 Rc8 24. Qd3 e5 25. f4 f5 26. Rxe5 Rxe5 27. fxe5 Bxe5 28. Be3 Rd8 29. Kh1 Qf7 30. Bg5 Rc8 31. Qe3 Nc6 32. b3 Bg7 33. Nb5 Re8 34. Qc1 Re6 35. Nd6 Qc7 36. Qc4 Qd7 37. Re1 Nd4 38. Rxe6 Nxe6 39. Qc8+ Nf8 40. Qc4+ Ne6 41. Qc8+ Nf8 42. Qxd7 Nxd7 43. Nc8 a6 44. Be3 Bf6 45. Nxb6 Nxb6 46. Bxb6 Bxh4 1/2-1/2

[Event "Izhevsk Corporation Cup 5th"]
[Site "Izhevsk"]
[Date "2013.07.12"]
[Round "1"]
[White "Tarasov, Denis"]
[Black "Gordievsky, Dmitry"]
[Result "1-0"]
[WhiteElo "2176"]
[BlackElo "2474"]
[PlyCount "47"]
[EventDate "2013.07.11"]
[EventType "swiss"]
[EventRounds "9"]
[EventCountry "RUS"]
[SourceTitle "EXT 2014"]
[Source "ChessBase"]
[SourceDate "2013.11.20"]
[SourceVersion "1"]
[SourceVersionDate "2013.11.20"]
[SourceQuality "1"]

1. e4 e6 2. d4 d5 3. Nc3 Be7 4. Bd3 c5 5. exd5 exd5 6. dxc5 Nf6 7. Nf3 0-0 8. 0-0 Nbd7 9. Bg5 Nxc5 10. Re1 Be6 11. Nd4 Qb6 12. Nf5 Bxf5 13. Bxf5 Qxb2 14. Rxe7 Qxc3 15. Re3 Qb2 16. Rb1 Qxa2 17. Bxf6 gxf6 18. Bxh7+ Kh8 19. Bf5 Rg8 20. Qh5+ Kg7 21. Rbe1 Ne4 22. Bxe4 dxe4 23. Rg3+ Kf8 24. Qc5+ 1-0

[Event "Kirov Arakelian Memorial-B 3rd"]
[Site "Kirov"]
[Date "2013.05.11"]
[Round "5"]
[White "Tarasov, Denis"]
[Black "Dvinskikh, Leonid"]
[Result "1-0"]
[WhiteElo "2156"]
[BlackElo "2008"]
[PlyCount "113"]
[EventDate "2013.05.07"]
[EventType "tourn"]
[EventRounds "7"]
[EventCountry "RUS"]
[SourceTitle "EXT 2015"]
[Source "ChessBase"]
[SourceDate "2014.11.20"]
[SourceVersion "1"]
[SourceVersionDate "2014.11.20"]
[SourceQuality "1"]

1. e4 e5 2. Nf3 Nc6 3. d4 exd4 4. Nxd4 Bc5 5. Nxc6 Qf6 6. Qf3 bxc6 7. Be2 d6 8. 0-0 Qxf3 9. Bxf3 Ne7 10. Rd1 0-0 11. Nc3 Be6 12. Na4 Bb6 13. b3 Rad8 14. c4 f6 15. c5 dxc5 16. Ba3 Ng6 17. Bxc5 Rfe8 18. Bh5 Bf7 19. Bxg6 Bxg6 20. f3 Bf7 21. Kf2 Be6 22. Rac1 Rxd1 23. Rxd1 Kf7 24. Rc1 Bd7 25. Nb2 Re6 26. Nd3 g5 27. h3 h5 28. Rc3 h4 29. Be3 Rd6 30. e5 Re6 31. Nc5 Bxc5 32. Rxc5 Rxe5 33. Rxe5 fxe5 34. Bxg5 c5 35. Ke3 Bb5 36. Bxh4 Bf1 37. Kf2 Bd3 38. Bg5 Bb1 39. a3 Bc2 40. Be3 Bxb3 41. Bxc5 a5 42. Be3 Bc2 43. Bd2 a4 44. Bc3 Ke6 45. g4 c5 46. Ke3 Bb1 47. h4 Bc2 48. h5 Bb1 49. Ba5 Kf6 50. Bb6 c4 51. Ba5 Ke6 52. Bc3 Bc2 53. Kf2 Bd3 54. Kg3 Be2 55. g5 Kf5 56. g6 Kf6 57. Bxe5+ 1-0

[Event "Kirov-ch"]
[Site "Kirov"]
[Date "2013.04.05"]
[Round "3"]
[White "Sumachev, Dmitry"]
[Black "Tarasov, Denis"]
[Result "1-0"]
[WhiteElo "2228"]
[BlackElo "2165"]
[PlyCount "87"]
[EventDate "2013.04.02"]
[EventType "swiss"]
[EventRounds "9"]
[EventCountry "RUS"]
[SourceTitle "EXT 2015"]
[Source "ChessBase"]
[SourceDate "2014.11.20"]
[SourceVersion "1"]
[SourceVersionDate "2014.11.20"]
[SourceQuality "1"]

1. d4 f5 2. Nc3 d5 3. g4 e6 4. Bf4 Nf6 5. g5 Nh5 6. e3 Nxf4 7. exf4 c5 8. Bb5+ Nc6 9. Nf3 Bd6 10. Ne5 Bxe5 11. fxe5 Qxg5 12. Ne2 Qh4 13. Qd2 Bd7 14. Bxc6 Bxc6 15. 0-0-0 Qxf2 16. Rdf1 Qg2 17. Rhg1 Qh3 18. Nf4 Qh6 19. Rf3 g6 20. Rh3 Qg7 21. Nxe6 Qf7 22. Nxc5 0-0-0 23. Qg5 Rdf8 24. Nd3 f4 25. Rf3 Bd7 26. Rxf4 Bf5 27. Nc5 b6 28. Nb3 Kb8 29. Re1 Qc7 30. Qg2 Rc8 31. c3 Qc4 32. Qg3 Kb7 33. Qf3 Rhe8 34. Nd2 Qxa2 35. Rxf5 gxf5 36. e6 Qa1+ 37. Nb1 Qa2 38. Qxf5 Re7 39. Re5 Rce8 40. Na3 Qb3 41. Nc2 Rg8 42. Qf2 Reg7 43. e7 Rg2 44. e8Q 1-0

[Event "Kirov Region-ch"]
[Site "Kirov"]
[Date "2012.10.13"]
[Round "2"]
[White "Tarasov, Denis"]
[Black "Sumachev, Dmitry"]
[Result "0-1"]
[WhiteElo "2115"]
[BlackElo "2209"]
[PlyCount "74"]
[EventDate "2012.10.12"]
[EventType "swiss"]
[EventRounds "9"]
[EventCountry "RUS"]
[SourceTitle "EXT 2015"]
[Source "ChessBase"]
[SourceDate "2014.11.20"]
[SourceVersion "1"]
[SourceVersionDate "2014.11.20"]
[SourceQuality "1"]

1. e4 c5 2. Nf3 a6 3. c3 e6 4. d4 d5 5. e5 Bd7 6. Be2 Nc6 7. 0-0 cxd4 8. cxd4 Nge7 9. Na3 Nf5 10. Nc2 Be7 11. Kh1 h5 12. Be3 g5 13. Nfe1 Qc7 14. Nd3 g4 15. Kg1 f6 16. exf6 Bd6 17. Ne5 Nxe5 18. dxe5 Bxe5 19. Nd4 Bxh2+ 20. Kh1 Nxe3 21. fxe3 Kf7 22. e4 Qg3 23. Nf3 gxf3 24. Rxf3 Qe5 25. Rh3 Bg3 26. exd5 h4 27. Bg4 Rad8 28. Qb3 exd5 29. Qxb7 Qd6 30. Rd1 d4 31. Kg1 d3 32. b4 Qd4+ 33. Kh1 Qxg4 34. Rxd3 Qe6 35. Rd1 Rhe8 36. Rf1 Qc6 37. Qa7 Ra8 0-1